000
00306nam a22001337a 4500
020
_a
978-1405145305
041
_a
ENG
100
_a
Tamime.A.Y
245
_a
Milk Processing And Quality Management
260
_a
Delhi
_b
Wiley -Blackwell
_c
2009
300
_a
324
650
_a
APE
856
_u
APE ( 03 )
999
_c
1665
_d
1665